Genki Lesson 6 All Vocabulary Quiz - Statistics

General Stats
  • This quiz has been taken 9 times
  • The average score is 32 of 46
Answer Stats
Meaning Type Answer % Correct
To play Verb asobu
100%
Electricity Noun denki
100%
Train Noun densha
100%
Chinese character Noun kanji
100%
To borrow Verb kariru
100%
Textbook Noun kyoukasho
100%
Money Noun okane
100%
Next year Noun rainen
100%
Next week Noun raishuu
100%
To die Verb shinu
100%
Tough (situation) Other taihen
100%
To open Verb akeru
80%
Later on Other atode
80%
To enter Verb hairu
80%
This week Noun konshuu
80%
Country; place of origin Noun kuni
80%
Window Noun mado
80%
To carry; to hold Verb motsu
80%
To bring (a thing) Verb mottekuru
80%
To teach Verb oshieru
80%
Shower Noun shawaa
80%
To close Verb shimeru
80%
To sit down (seat) Verb suwaru
80%
To be absent; to rest Verb yasumu
80%
Slowly Other yukkuri
80%
Air conditioner Noun eakon
60%
Really? Other hontoudesuka
60%
To hurry Verb isogu
60%
To return (things) Verb kaesu
60%
Baggage Noun nimotsu
60%
Personal computer Noun pasokon
60%
Page Noun peiji
60%
Right away Other sugu
60%
To stand up Verb tatsu
60%
To help Verb tetsudau
60%
Next Noun tsugi
60%
To use Verb tsukau
60%
To turn on Verb tsukeru
60%
To bring (a person) Verb tsuretekuru
60%
To forget Verb wasureru
60%
Night Noun yoru
60%
To get off Verb ariru
20%
To turn off; to erase Verb gesu
20%
To take a shower Verb shawaaoabiru
20%
That would be fine Other gekkoudesu
0%
To smoke Verb tabakowosuru
0%
No matching quizzes found
Score Distribution
Percent of People with Each Score
Percentile by Number Answered
Your Score History
You have not taken this quiz